000 00536nam a2200193 i 4500
001 74324
003 ES-MaACL
005 20230906172105.0
007 t|
008 040917s1974 sp ||||1| spa d
020 _a84-7052-049-0
080 _a351.777.81(460)
100 1 _aGonzález Pérez, Jesús.
_958870
245 1 4 _aLos planes de urbanismo /
_cJesús González Pérez.
260 _aMadrid :
_bAbella,
_c1974.
300 _a606 p. ;
_c21 cm.
650 4 _aPlanes urbanísticos-
_zEspaña.
_916104
852 4 _aES-MaACL
_jE-7567
999 _c74324
_d74324